00387nam a2200145Ia 4500008004100000020001500041041001200056100001400068245007200082250000900154260003900163300000800202650001500210700001600225221030s9999 xx 000 0 und d a8131733769 aEnglish aB. Berman 0aRetail Management - A Strategic Approachcby B. Berman, J. R. Evans a11th bPearson EducationaNew Delhic2013 a652 aManagement aJ. R. Evans